|
|
|
|
| LEADER |
00000cam a2200000 a 4500 |
| 001 |
49908 |
| 005 |
20230308164917.0 |
| 008 |
000000|2001 ||||||||r|||||||||||spa|| |
| 020 |
|
|
|a 9707011513
|
| 040 |
|
|
|b spa
|
| 041 |
1 |
|
|a spa
|
| 082 |
0 |
|
|a 332.45
|
| 100 |
1 |
|
|a Chapoy Bonifaz, Alma
|9 48367
|
| 245 |
|
|
|a El sistema monetario internacional
|c Alma Chapoy Bonifaz
|h imp
|
| 264 |
|
|
|a México
|b Universidad Nacional Autónoma de México
|c 2001
|
| 300 |
|
|
|a 220 páginas:
|c 16,5 cm
|
| 650 |
1 |
|
|a Sistema monetario internacional
|9 39484
|
| 650 |
1 |
|
|a Tipo de cambio
|9 40182
|
| 650 |
1 |
|
|a Devaluacion
|9 39900
|
| 650 |
1 |
|
|a Divisas
|9 15763
|
| 650 |
1 |
|
|a Economia internacional
|9 11955
|
| 650 |
1 |
|
|a Mercado internacional
|9 12075
|
| 852 |
|
|
|a UC-CDJBV
|c PRIMER PISO
|f Compra
|k sara.alvarado
|l 1
|m General
|p 00000000
|r 2
|t 49908
|b 0
|d CDRC
|e CDRC
|g 332.45 PRIMER PISO
|z 0000-00-00
|
| 942 |
|
|
|c BK
|
| 999 |
|
|
|c 26957
|d 26957
|